000 01112cam a22003013a 4500
001 17548
003 PGUSA
005 20140828083356.0
008 060118s2006||||xxu|||||s|||||000 p eng d
040 _aPGUSA
_beng
042 _adc
050 4 _aPR
100 1 _aBenson, William,
_d1682-1754
245 1 0 _aLetters Concerning Poetical Translations :
_bAnd Virgil's and Milton's Arts of Verse, &c.
_h[electronic resource] /
_cWilliam Benson
260 _bProject Gutenberg,
_c2006
506 _aPublic domain in the USA.
516 _aElectronic text
653 _aEnglish language -- Versification -- Early works to 1800
653 _aBenson, William, 1682-1754 -- Correspondence
653 _aVirgil -- Versification
653 _aLatin language -- Translating into English -- Early works to 1800
653 _aPoetry -- Translating -- Early works to 1800
653 _aMilton, John, 1608-1674 -- Versification
653 _aLatin language -- Metrics and rhythmics -- Early works to 1800
830 0 _aProject Gutenberg
_v17548
856 4 0 _uhttp://www.gutenberg.org/ebooks/17548
942 _cEB
999 _c246803
_d246803